Journal article Open Access
Michaels, Marc
<?xml version='1.0' encoding='UTF-8'?>
<record xmlns="http://www.loc.gov/MARC21/slim">
<leader>00000nam##2200000uu#4500</leader>
<datafield tag="520" ind1=" " ind2=" ">
<subfield code="a"><p>In two words, בְּקָמֵיהֶֽם (&lsquo;amongst their enemies&rsquo;, Exodus 32:25), and in הַפְּקֻדִֽים (&lsquo;those who were numbered&rsquo;, Numbers 7:2), there is a scribal tradition of a קוף דבוקה <em>q&ocirc;f dĕḇ&ucirc;q&acirc;</em> (&lsquo;joined [letter] <em>q&ocirc;f</em>&rsquo;) where the descenders joins fully to the roof of the letter. Whilst there is precedent for this form, there is much objection to this in halakhic scribal tractates, such that it has fallen out of use. Additionally, where it was present, it is &lsquo;corrected&rsquo; by later scribes. Thus, the form is rarely seen. The tradition is first encountered in the Aramaic scribal manual <em>Sēfer Tagg&icirc;n</em>, a late Tannaitic work of coded theodicy. Examining the development of the letter <em>q&ocirc;f </em>from antiquity to Geonic times reveals it origins as a rare allograph visible in the Dead Sea Scrolls. As importantly, acting as a microcosm of <em>Sēfer Tagg&icirc;n</em>&rsquo;s theme of blessing and curse and the importance of the Temple, the two instances reveal both the apex and nadir of &nbsp;Israel&rsquo;s relationship with God. Either moving near towards him in the Temple sacrifice or moving away from him through the humiliating idolatry of the Golden Calf. These are symbolic of the author of <em>Sēfer Tagg&icirc;n</em>&rsquo;s struggle, having witnessed the victory of the Romans and the destruction of the Temple, yet being firmly of the belief that God&rsquo;s promise of covenantal blessings is eternal.&nbsp;</p></subfield>
</datafield>
<datafield tag="100" ind1=" " ind2=" ">
<subfield code="a">Michaels, Marc</subfield>
</datafield>
<datafield tag="540" ind1=" " ind2=" ">
<subfield code="u">https://creativecommons.org/licenses/by/4.0/legalcode</subfield>
<subfield code="a">Creative Commons Attribution 4.0 International</subfield>
</datafield>
<datafield tag="650" ind1="1" ind2="7">
<subfield code="a">cc-by</subfield>
<subfield code="2">opendefinition.org</subfield>
</datafield>
<datafield tag="980" ind1=" " ind2=" ">
<subfield code="a">publication</subfield>
<subfield code="b">article</subfield>
</datafield>
<controlfield tag="001">18365</controlfield>
<datafield tag="856" ind1="4" ind2=" ">
<subfield code="s">7229967</subfield>
<subfield code="u">https://www.fdr.uni-hamburg.de/record/18365/files/comst-bulletin-11-2025-243-264.pdf</subfield>
<subfield code="z">md5:41827d2372ba41d0ea30cadb48cf0af4</subfield>
</datafield>
<datafield tag="773" ind1=" " ind2=" ">
<subfield code="a">10.25592/uhhfdm.18364</subfield>
<subfield code="i">isVersionOf</subfield>
<subfield code="n">doi</subfield>
</datafield>
<datafield tag="024" ind1=" " ind2=" ">
<subfield code="a">10.25592/uhhfdm.18365</subfield>
<subfield code="2">doi</subfield>
</datafield>
<datafield tag="909" ind1="C" ind2="O">
<subfield code="o">oai:fdr.uni-hamburg.de:18365</subfield>
<subfield code="p">user-uhh</subfield>
</datafield>
<datafield tag="980" ind1=" " ind2=" ">
<subfield code="a">user-uhh</subfield>
</datafield>
<datafield tag="245" ind1=" " ind2=" ">
<subfield code="a">The Qôf Dĕḇûqâ: The Origins and Original Meaning of the Joined Qôf</subfield>
</datafield>
<datafield tag="260" ind1=" " ind2=" ">
<subfield code="c">2025-12-15</subfield>
</datafield>
<datafield tag="909" ind1="C" ind2="4">
<subfield code="n">2</subfield>
<subfield code="c">243-264</subfield>
<subfield code="v">11</subfield>
<subfield code="p">Comparative Oriental Manuscript Studies Bulletin</subfield>
</datafield>
<datafield tag="542" ind1=" " ind2=" ">
<subfield code="l">open</subfield>
</datafield>
<controlfield tag="005">20260225103140.0</controlfield>
</record>